[Event "VII Open"]
[Site "Figueira da Foz POR"]
[Date "2010.11.04"]
[Round "6.13"]
[White "Marques,R"]
[Black "Perez Negro,J"]
[Result "1-0"]
[WhiteElo "2119"]
[BlackElo "2169"]

1.e4 g6 2.d4 Bg7 3.Nc3 c6 4.f4 d5 5.e5 h5 6.Nf3 Nh6 7.Bd3 Bg4 8.Be3 e6 9.h3 Bf5
10.Bf2 Nd7 11.Be2 Bf8 12.O-O Be7 13.Qd2 Kf8 14.Nd1 Rc8 15.b3 c5 16.c4 Nb6
17.dxc5 Bxc5 18.Bxc5+ Rxc5 19.Qe3 Qe7 20.b4 Rc8 21.c5 d4 22.Nxd4 Nd5 23.Qd2 Qh4
24.Bc4 Rd8 25.Bxd5 Rxd5 26.Nc3 Rd8 27.Rad1 Kg7 28.Qe3 Kh7 29.Ncb5 Rhg8 30.Nd6 g5
31.Nf3 Qg3 32.fxg5 Bxh3 33.Qf2 Qg4 34.Rd4 Rxg5 35.Rxg4 Rxg4 36.Ne1 Rdg8 37.Qc2+ R8g6
38.Rf2 h4 39.Kh2 Bxg2 40.Nxg2 Rg5 41.Ne3 Rxe5 42.Ndc4 Rg5 43.Rg2 Rxg2+ 44.Nxg2 Ng4+
45.Kh3  1-0

[Event "14th OIBM"]
[Site "Bad Wiessee GER"]
[Date "2010.11.05"]
[Round "8.5"]
[White "Zude,A"]
[Black "Iordachescu,V"]
[Result "0-1"]
[WhiteElo "2470"]
[BlackElo "2632"]

1.e4 g6 2.d4 Bg7 3.Nc3 c6 4.f4 d5 5.e5 Nh6 6.Nf3 f6 7.Be3 Bg4 8.Be2 Nd7 9.h3 Bxf3
10.Bxf3 e6 11.Ne2 Qb6 12.Bf2 Qxb2 13.Rb1 Qxa2 14.Rxb7 Nf7 15.O-O Qa6 16.Rb3 O-O
17.Qa1 Qc8 18.Ra3 Qc7 19.Qa2 Rfb8 20.Ra1 Rb7 21.c4 Nb6 22.c5 Nc4 23.Ra6 Rb2
24.Qa4 Nd2 25.Rxc6 Qd7 26.Nc3 Nxf3+ 27.gxf3 fxe5 28.fxe5 Ng5 29.Nd1 Rd2 30.Be3 Nxh3+
31.Kf1 Qf7 32.f4 Rh2 33.Qa6 Qf5 34.Ke1 Qg4 35.Rc8+ Rxc8 36.Qxc8+ Bf8 37.Qa6 Be7
38.Nf2 Nxf2 39.Bxf2 Rh1+ 40.Kd2 Qxf4+  0-1

[Event "14th OIBM"]
[Site "Bad Wiessee GER"]
[Date "2010.11.05"]
[Round "8.2"]
[White "Fridman,D"]
[Black "Petrov,Marij"]
[Result "1-0"]
[WhiteElo "2645"]
[BlackElo "2550"]

1.d4 g6 2.e4 Bg7 3.Nc3 c6 4.Bc4 d6 5.Qf3 e6 6.Nge2 b5 7.Bb3 a5 8.a3 Ne7 9.Bf4 d5
10.h4 h6 11.Qg3 Na6 12.Be5 O-O 13.Bxg7 Kxg7 14.h5 g5 15.f4 f6 16.fxg5 fxg5
17.Qe5+ Kh7 18.Rf1 Rxf1+ 19.Kxf1 Bd7 20.Qd6 Nc7 21.Kg1 Ne8 22.Qg3 Ng7 23.Rf1 Ng8
24.Qf3 Be8 25.Ng3 Ra7 26.Qf8 Rd7 27.exd5 exd5 28.a4 b4 29.Nce4 Qe7 30.Nc5 Qe3+
31.Qf2 Qxf2+ 32.Rxf2 Re7 33.Re2 Nf5 34.Rxe7+ Ngxe7 35.Nxf5 Nxf5 36.c3 bxc3
37.Bc2 cxb2 38.Bxf5+ Kg7 39.g4 Kf6 40.Bb1 Ke7 41.Kf2 Bd7 42.Kf3 Bc8 43.Nd3 Kd6
44.Nxb2 c5 45.Bf5 Bb7 46.dxc5+ Kxc5 47.Nd3+ Kd4 48.Nc1 Bc6 49.Nb3+ Kc3 50.Nxa5 Ba8
51.Bc8 d4+ 52.Bb7 d3 53.Bxa8 d2 54.Ke2 Kc2 55.Be4+  1-0

[Event "46th American Open"]
[Site "Los Angeles USA"]
[Date "2010.11.26"]
[Round "4"]
[White "Clawitter,C"]
[Black "Bercys,S"]
[Result "1-0"]
[WhiteElo "2115"]
[BlackElo "2447"]

1.d4 g6 2.e4 Bg7 3.Nc3 c6 4.Be3 d5 5.Qd2 a6 6.Nf3 b5 7.a3 Bb7 8.Bd3 Nd7 9.O-O e6
10.h3 f6 11.Rfe1 Kf7 12.Rad1 h6 13.Qe2 Nf8 14.Nh2 Ne7 15.f4 Nc8 16.f5 exf5
17.exf5 g5 18.Qh5+ Kg8 19.Bf2 Nd6 20.Re2 Bc8 21.Rde1 Ra7 22.Qf3 h5 23.Bg3 h4
24.Bxd6 Qxd6 25.Ng4 Bd7 26.Re7 Ra8 27.Na2 a5 28.Nc1 a4 29.Bf1 b4 30.Nd3 bxa3
31.bxa3 Qxa3 32.Nc5 Qxf3 33.Rxg7+  1-0

[Event "Frauenbundesliga 1st Div 2010-11"]
[Site "Germany GER"]
[Date "2010.12.05"]
[Round "4.6"]
[White "Rogozenco,I"]
[Black "Tammert,I"]
[Result "0-1"]
[WhiteElo "2028"]
[BlackElo "2272"]

1.e4 g6 2.d4 Bg7 3.Nc3 c6 4.a4 b6 5.Nf3 d6 6.Be2 Nf6 7.O-O O-O 8.h3 Nbd7
9.Be3 Qc7 10.Qd2 Re8 11.Bh6 Bh8 12.Rfe1 e5 13.dxe5 dxe5 14.Rad1 Nc5 15.Ng5 Ba6
16.Qd6 Qxd6 17.Rxd6 Bxe2 18.Rxe2 Rac8 19.Kf1 Bg7 20.Bxg7 Kxg7 21.g3 Re7 22.Nf3 Ne8
23.Rd1 f6 24.Red2 Kf7 25.Ke2 a5 26.Rd8 Rcc7 27.Ke3 Red7 28.R1xd7+ Rxd7 29.Rb8 Rb7
30.Rc8 Ke7 31.Nd2 Kd7 32.Ra8 Ne6 33.Nc4 N6c7 34.Rxe8 Nxe8 35.b3 Nd6 36.Nxd6 Kxd6
37.Kd3 Kc5 38.f4 Rd7+ 39.Ke3 Kb4 40.Ne2 b5 41.axb5 cxb5 42.g4 g5 43.fxg5 fxg5
44.Nc1 Kc3 45.Nd3 Rxd3+ 46.cxd3 a4  0-1

[Event "Open ch-Skopje"]
[Site "Skopje MKD"]
[Date "2010.12.07"]
[Round "4"]
[White "Cvetkovski,S"]
[Black "Stosevski,I"]
[Result "0-1"]
[WhiteElo "1985"]
[BlackElo "2191"]

1.e4 g6 2.d4 Bg7 3.Nc3 c6 4.Nf3 d6 5.Be3 Nf6 6.h3 O-O 7.Qd2 b5 8.a3 Re8 9.Be2 a6
10.O-O Qc7 11.Bh6 Bh8 12.Nh2 e5 13.dxe5 dxe5 14.Qe3 Nbd7 15.Rad1 Nf8 16.Bxf8 Rxf8
17.Qc5 Be6 18.Rd6 Rac8 19.Rfd1 Rfe8 20.Bg4 Nxg4 21.Nxg4 Bg7 22.R6d2 h5 23.Nh2 Kh7
24.g4 Bf8 25.Qe3 Bh6 26.g5 Bf8 27.Kg2 Be7 28.h4 Red8 29.Rxd8 Rxd8 30.Nf3 Rxd1
31.Nxd1 a5 32.Qc3 Bd6 33.Ne3 Kg8 34.b4 a4 35.Kg1 c5 36.Qd3 cxb4 37.axb4 Qc6
38.Nd2 Bxb4 39.Qd8+ Kh7 40.Qf6 Qc7 41.Nf5 Bxf5 42.exf5 Bxd2 43.fxg6+ fxg6
44.Qf8 b4 45.Qh6+ Kg8 46.Qxg6+ Kf8 47.Qf6+ Ke8 48.g6 Bh6 49.Qh8+ Bf8 50.Qxh5 Bg7
51.Qh7 Kf8 52.Qh5 Qd7 53.Qf3+ Kg8 54.Qa8+ Bf8 55.Qe4 Qe6 56.h5  0-1

[Event "Moscow Teams"]
[Site "Moscow RUS"]
[Date "2010.12.11"]
[Round "3"]
[White "Reshetnikov,Al"]
[Black "Cherniak,L"]
[Result "1-0"]
[WhiteElo "2469"]
[BlackElo "2425"]

1.e4 g6 2.d4 Bg7 3.Nc3 c6 4.Nf3 d5 5.h3 dxe4 6.Nxe4 Nd7 7.Bc4 Ndf6 8.Nxf6+ Nxf6
9.O-O O-O 10.Re1 Qc7 11.Qe2 e6 12.Ne5 Nd7 13.Bf4 Nxe5 14.Bxe5 Bxe5 15.dxe5 c5
16.Rad1 Bd7 17.Rd6 Rad8 18.Red1 Bc6 19.Qe3 b6 20.Qg5 Rxd6 21.Rxd6 Bd5 22.Bxd5 exd5
23.h4 d4 24.h5 Qc8 25.h6 Qf5 26.Qxf5 gxf5 27.Rd7 Re8 28.Rxa7 Kf8 29.f4 Re6
30.Rc7 Rxh6 31.a4 Re6 32.Kf2 h5 33.b3 h4 34.a5 d3 35.cxd3 bxa5 36.Rxc5 Rb6
37.Rxa5 Rxb3 38.Rd5 Rb2+ 39.Kf3 Rd2 40.Rd6 Kg7 41.Rd8 Kh7 42.Rd7 Kg6 43.Rd8 Kh7
44.Rd4 Kg8 45.Rd7 Kf8 46.d4 Rd3+ 47.Kf2 Rd2+ 48.Kg1 Rd1+ 49.Kh2 Ke8 50.Rd6 Rf1
51.g3 hxg3+ 52.Kxg3 Rd1 53.Kh2  1-0

[Event "48th ch-IND"]
[Site "New Delhi IND"]
[Date "2010.12.11"]
[Round "3"]
[White "Vaibhav,S"]
[Black "Lalith,B"]
[Result "1/2-1/2"]
[WhiteElo "2418"]
[BlackElo "2481"]

1.e4 g6 2.d4 Bg7 3.Nc3 c6 4.Nf3 d5 5.h3 Nf6 6.e5 Ne4 7.Nxe4 dxe4 8.Ng5 c5
9.d5 Bxe5 10.Nxe4 Bf5 11.Ng3 Bxg3 12.fxg3 Qd6 13.Bf4 e5 14.dxe6 Qxe6+ 15.Qe2 Be4
16.O-O-O O-O 17.Qc4 Qxc4 18.Bxc4 Nc6 19.Bd6 Rfd8 20.Rhf1 Rd7 21.Bxc5 Rxd1+
22.Kxd1 Ne5 23.Re1 Bxc2+ 24.Kxc2 Nxc4 25.Re4 b5 26.a4 Rc8 27.b4 a5 28.axb5 Nd6
29.Re5 axb4 30.Kd3 f6 31.Rd5 b3 32.Bd4 Nc4 33.b6 Nxb6 34.Bxb6 Rc2 35.Ke3 Rxg2
36.Kf3 Rh2 37.h4 Rc2 38.Rd3 b2 39.Rb3 Rc3+ 40.Rxc3 b1=Q 41.Bf2 Qb7+ 42.Ke3 f5
43.Rd3 Kf7 44.Ke2 Qb5 45.Kd2 Qb2+ 46.Ke1 Qb1+ 47.Ke2 Qc2+ 48.Rd2 Qe4+ 49.Kf1 h6
50.Rd4 Qh1+ 51.Ke2 g5 52.hxg5 hxg5 53.Rb4 Qh5+ 54.Ke3 Qd1 55.Rd4 Qf1 56.Rd2 Kf6
57.Rc2 Qh1 58.Rc4 f4+ 59.gxf4 g4 60.Kd2 Kf5 61.Rc3 Qg2 62.Ke2 Qe4+ 63.Re3 Qc4+
64.Kd2 Qb4+ 65.Ke2 Qb5+ 66.Kd2 Qb4+ 67.Ke2 Qc4+ 68.Kd2 Qxf4 69.Bg3 Qf1 70.Re5+ Kg6
71.Re6+ Kf7 72.Re3 Kf6 73.Kc2 Qg2+ 74.Kd1 Kf5  1/2-1/2

[Event "17th Open A"]
[Site "Zadar CRO"]
[Date "2010.12.12"]
[Round "1.5"]
[White "Kovacevic,A"]
[Black "Franic,M"]
[Result "1-0"]
[WhiteElo "2594"]
[BlackElo "2387"]

1.e4 g6 2.d4 Bg7 3.Nc3 c6 4.f4 d5 5.e5 h5 6.Be3 Nh6 7.Nf3 Bg4 8.h3 Nf5 9.Bf2 Bxf3
10.Qxf3 h4 11.Bd3 e6 12.O-O Nd7 13.Ne2 Bf8 14.b3 Be7 15.c4 O-O 16.Kh2 Nb6
17.c5 Nc8 18.b4 Qd7 19.a4 Bd8 20.Bxf5 exf5 21.b5 Kg7 22.bxc6 bxc6 23.Rfb1 a6
24.Rb3 Ra7 25.Rab1 f6 26.Qe3 Rh8 27.Ng1 fxe5 28.dxe5 Qc7 29.Nf3 Ne7 30.Bxh4  1-0

[Event "European Rapid Championship"]
[Site "Warsaw POL"]
[Date "2010.12.18"]
[Round "5"]
[White "Vovk,Y"]
[Black "Napoli,N"]
[Result "1-0"]
[WhiteElo "2539"]
[BlackElo "2291"]

1.e4 g6 2.d4 Bg7 3.Nc3 c6 4.Nf3 d5 5.h3 Nh6 6.Bf4 f6 7.Bd3 O-O 8.O-O Nf7
9.Re1 e5 10.dxe5 fxe5 11.Bg3 d4 12.Nb1 Nd7 13.Nbd2 Nc5 14.Nc4 Qe7 15.a4 b5
16.axb5 cxb5 17.Na5 a6 18.Nd2 Be6 19.Be2 Na4 20.Qb1 Rac8 21.Nab3 Nd6 22.Nc1 Bh6
23.Nf3 Nxe4 24.Bxe5 Rxf3 25.Rxa4 bxa4 26.Bxf3 Nd2 27.Qa1 Nxf3+ 28.gxf3 Rxc2
29.Nd3 Qd7 30.Bg3 Bb3 31.Kh2 Qb5 32.Ne5 Bd2 33.Rd1 Be3 34.Ng4 Rd2 35.Rc1 Be6
36.Nf6+ Kg7 37.Ne4 Rxb2 38.Rc7+ Kh6 39.Qa3 Rb4 40.Bd6 Bf4+  1-0

[Event "European Rapid Championship"]
[Site "Warsaw POL"]
[Date "2010.12.18"]
[Round "8"]
[White "Olszewski,Mi"]
[Black "Gashimov,V"]
[Result "0-1"]
[WhiteElo "2532"]
[BlackElo "2733"]

1.e4 g6 2.d4 Bg7 3.Nc3 c6 4.Nf3 d6 5.Be3 Nf6 6.Qd2 b5 7.Bd3 Bg4 8.Ng1 e5
9.dxe5 dxe5 10.h3 Be6 11.Nf3 Nbd7 12.O-O O-O 13.Ng5 Qe7 14.Nxe6 Qxe6 15.Ne2 Nb6
16.b3 Rfd8 17.Qa5 Nfd7 18.Rac1 Bf8 19.c4 b4 20.c5 Nxc5 21.Rxc5 Rxd3 22.Rxe5 Qd6
23.Bxb6 axb6 24.Qxa8 Qxe5 25.Qxc6 Rd2 26.Ng3 Bc5 27.Nh1 Kg7 28.Rc1 Rxa2 29.Qd5 Qf4  0-1

[Event "European Rapid Championship"]
[Site "Warsaw POL"]
[Date "2010.12.19"]
[Round "9"]
[White "Bagrationi,A"]
[Black "Napoli,N"]
[Result "1/2-1/2"]
[WhiteElo "2460"]
[BlackElo "2291"]

1.d4 g6 2.e4 Bg7 3.Nc3 c6 4.Nf3 d5 5.h3 Nh6 6.Be2 f6 7.e5 Nf7 8.exf6 Bxf6
9.Bd3 O-O 10.Ne2 e5 11.dxe5 Nxe5 12.Nxe5 Bxe5 13.O-O Nd7 14.f4 Bg7 15.f5 Ne5
16.fxg6 hxg6 17.Nf4 g5 18.Nh5 Nxd3 19.Rxf8+ Qxf8 20.Qxd3 g4 21.Nxg7 Qxg7
22.h4 Qh7 23.Qxh7+ Kxh7 24.Bf4 Bf5 25.Re1 Rg8 26.c3 Be4 27.h5 Rf8 28.Be3 Rf5
29.h6 b6 30.Rf1 Kg6 31.Rxf5 Bxf5 32.Kf2 Kf6 33.Bf4 Bh7 34.Ke3 Be4 35.g3 Kg6
36.Kd4 Kf6 37.Bb8 a6 38.b4 Kg6 39.Bf4 Kf6 40.Bc7 Kg6 41.Bxb6 Kxh6 42.Ke5 Bb1
43.a3 Bc2 44.Kd6 Ba4 45.Bd4 Kg5 46.Kc5 Kf5 47.Kb6 Ke6 48.Kxa6 Kd6 49.Kb6 Kd7
50.Be3 Bb5 51.Ka5 Kc7 52.a4 Bc4 53.b5 cxb5 54.axb5 Kb7 55.Kb4 Kc7 56.Kc5 Kb7
57.b6 Bb3 58.Kd6 Bc4 59.Ke5 Bb3 60.Bd4 Bc4 61.Kf5 Be2 62.Be3 Bf3  1/2-1/2

[Event "European Rapid Championship"]
[Site "Warsaw POL"]
[Date "2010.12.19"]
[Round "13"]
[White "Dobrowolski,P"]
[Black "Safranska,A"]
[Result "1-0"]
[WhiteElo "2423"]
[BlackElo "2250"]

1.e4 g6 2.d4 Bg7 3.Nc3 c6 4.Nf3 d6 5.Be3 Nf6 6.Qd2 b5 7.Bd3 O-O 8.Bh6 Nbd7
9.Bxg7 Kxg7 10.Ne2 Rb8 11.Ng3 h6 12.h4 e5 13.h5 Ng8 14.c3 Qe7 15.a4 a6 16.axb5 axb5
17.Ra7 Rb7 18.Ra5 Nb6 19.b3 Bg4 20.Ra6 Ra8 21.Rxa8 Nxa8 22.O-O Bxf3 23.gxf3 Qf6
24.Be2 Nc7 25.dxe5 dxe5 26.hxg6 fxg6 27.Qd7+ Ne7 28.Rd1 Qe6 29.Bf1 Qxd7 30.Rxd7 Kf8
31.Bh3 Ra7 32.Kg2 Ke8 33.b4 Nf5 34.Bxf5 gxf5 35.Rh7 f4 36.Nf5 Kd8 37.Nxh6 Ra3
38.Nf7+ Kc8 39.Nxe5 Rxc3 40.Rf7 Ne6 41.Rf6 Nd4 42.Rxf4 Nc2 43.Rf8+ Kc7 44.Rf7+ Kd6
45.f4 Nxb4 46.Rd7+ Ke6 47.Rh7 c5 48.Rh6+ Ke7 49.f5 Nd3 50.f6+ Ke6 51.f7+ Ke7
52.Rf6 Kxf6 53.f8=Q+ Kxe5 54.Qg7+ Kxe4 55.Qxc3 c4 56.Kf1 Kd5 57.Ke2 b4 58.Qg7 Nc5
59.Kd2 c3+ 60.Kc2 Kc4 61.Qf7+ Kb5 62.f4  1-0

[Event "HSK GM"]
[Site "Hamburg GER"]
[Date "2011.01.03"]
[Round "2.2"]
[White "Berger,Stev"]
[Black "Fries Nielsen,JO"]
[Result "1/2-1/2"]
[WhiteElo "2427"]
[BlackElo "2430"]

1.e4 g6 2.d4 Bg7 3.Nc3 c6 4.Bc4 d6 5.Qf3 e6 6.d5 c5 7.h4 Nf6 8.h5 Nxh5 9.Rxh5 gxh5
10.dxe6 Bxe6 11.Bxe6 fxe6 12.Qxh5+ Kd7 13.Bf4 Bxc3+ 14.bxc3 Qf6 15.Ne2 Nc6
16.O-O-O e5 17.Be3 Kc7 18.c4 Rag8 19.Nc3 Kb8 20.g3 Qe6 21.Nd5 Qg6 22.Qh4 Rf8
23.Ne7 Qe6 24.Nxc6+ bxc6 25.f4 Ka8 26.f5 Qxc4 27.Rxd6 Qc3 28.Bf2 Rb8 29.Rd3 Qa1+
30.Kd2 Qxa2 31.Qf6 Qa5+ 32.Ke2 Qb5 33.Kf3 Rhe8 34.Qd6 Rb7 35.Ra3 a5 36.c4 Qa6
37.Qxc5 a4 38.Kg2 Rb3 39.f6 Rb7 40.Rf3 Rf7 41.Rf5 Re6 42.Rxe5 Rxe5 43.Qxe5 Qxc4
44.Qa5+ Kb8 45.e5 Kc8 46.e6 Qxe6 47.Qa8+  1/2-1/2

[Event "Rilton Cup 2010-11"]
[Site "Stockholm SWE"]
[Date "2011.01.04"]
[Round "8"]
[White "Winge,S"]
[Black "Ostling,H"]
[Result "1-0"]
[WhiteElo "2290"]
[BlackElo "2207"]

1.e4 g6 2.d4 Bg7 3.Nc3 c6 4.Nf3 d5 5.e5 Qb6 6.Na4 Qc7 7.Bf4 Bg4 8.c4 e6 9.cxd5 exd5
10.Be2 Nd7 11.Qd2 Be6 12.Ng5 Ne7 13.Rc1 O-O 14.g4 b6 15.h4 Rfe8 16.Nxe6 fxe6
17.h5 Nf8 18.Rc3 Qd7 19.b3 Rac8 20.h6 Bh8 21.O-O Rc7 22.Rfc1 Qc8 23.Bg5 Nd7
24.f4 Qb7 25.b4 a6 26.Qc2 b5 27.Nc5 Nxc5 28.Rxc5 Qb6 29.Kg2 Kf8 30.Bd3 Nc8
31.Rf1 Qb7 32.f5 exf5 33.gxf5 gxf5 34.Bxf5 Kg8 35.Bxh7+ Rxh7 36.Qg6+  1-0

[Event "Australian Open"]
[Site "Cammeray AUS"]
[Date "2011.01.10"]
[Round "8.19"]
[White "Cheung,Benjamin"]
[Black "Stead,K"]
[Result "0-1"]
[WhiteElo "1899"]
[BlackElo "2060"]

1.e4 g6 2.d4 Bg7 3.Nc3 c6 4.f4 d5 5.e5 h5 6.Nf3 Bg4 7.Bd3 e6 8.Be3 Ne7 9.h3 Bxf3
10.Qxf3 Nf5 11.O-O-O h4 12.Ne2 Nd7 13.Rdg1 Qa5 14.Kb1 O-O-O 15.g4 hxg3 16.Nxg3 Bf8
17.Nxf5 gxf5 18.h4 c5 19.c3 c4 20.Bc2 b5 21.a3 Qc7 22.Kc1 Nb6 23.Qd1 Kb7
24.Kd2 a5 25.h5 b4 26.axb4 axb4 27.cxb4 Bxb4+ 28.Ke2 c3 29.bxc3 Qxc3 30.Qd3 Rc8
31.Qxc3 Bxc3 32.Bd3 Rh7 33.Kf2 Bb4 34.h6 Bf8 35.Rg8 Bxh6 36.Rxc8 Kxc8 37.Bb5 Nd7
38.Bxd7+ Kxd7 39.Rh5 Rh8 40.Ke2 Bg7 41.Rxh8 Bxh8 42.Kd3 Kc6 43.Kc3 Kb5 44.Kb3 Bg7
45.Bf2 Bf8 46.Be1 Be7 47.Bd2 Bh4 48.Kc3 Ka4 49.Kd3 Kb3 50.Ba5 Bg3 51.Bd2 Bh2
52.Be3 Kb2 53.Bd2 Bg1 54.Bb4 Kc1 55.Be7 Bh2 56.Bg5 Bg3 57.Kc3 Kd1 58.Kd3 Ke1
59.Ke3 Bf2+ 60.Kd3 Kf1 61.Be7 Kg2 62.Bb4 Kf3 63.Bd2 Bg3 64.Kc3 Ke4  0-1

[Event "9th Parsvnath Open"]
[Site "New Delhi IND"]
[Date "2011.01.10"]
[Round "5.23"]
[White "Kaushik,S"]
[Black "Rahman,Zia"]
[Result "0-1"]
[WhiteElo "2154"]
[BlackElo "2528"]

1.e4 g6 2.d4 Bg7 3.Nc3 c6 4.Nf3 d6 5.Bd3 Bg4 6.Be2 Qb6 7.Na4 Qa5+ 8.Nc3 c5
9.Be3 Bxf3 10.Bxf3 Nc6 11.d5 Nd4 12.Bd2 Nf6 13.O-O O-O 14.g3 Nxf3+ 15.Qxf3 Nd7
16.Qe2 a6 17.a4 Qc7 18.Rab1 Rae8 19.f4 e6 20.Qf3 Kh8 21.Kg2 f5 22.dxe6 fxe4
23.Nxe4 Rxe6 24.Ng5 Ree8 25.Rbe1 Ne5 26.Qe4 d5 27.Qe2 h6 28.fxe5 Rxf1 29.Qxf1 hxg5
30.e6 Qc6 31.Qf7 d4+ 32.Kg1 Rf8 33.Qxg6 Qf3 34.Bf4 d3 35.Qxg5 dxc2 36.Qxc5 Qd1
37.Kf1 Rxf4+ 38.gxf4 c1=Q 39.Qf2 Qc4+ 40.Kg2 Qg4+ 41.Qg3 Qd5+  0-1

[Event "Marienbad Open"]
[Site "Marianske Lazne CZE"]
[Date "2011.01.20"]
[Round "7"]
[White "Kulas,S"]
[Black "Karhanek,P"]
[Result "1/2-1/2"]
[WhiteElo "1938"]
[BlackElo "2137"]

1.e4 g6 2.d4 Bg7 3.Nc3 c6 4.f4 d5 5.e5 h5 6.Nf3 Bg4 7.Be3 Nh6 8.h3 Bxf3 9.Qxf3 Nf5
10.Bf2 h4 11.Bd3 e6 12.O-O Nd7 13.Ne2 Bf8 14.b3 Be7 15.c4 a6 16.a3 Rc8 17.Rfc1 Nb6
18.c5 Na8 19.b4 Nc7 20.a4 Kd7 21.b5 axb5 22.axb5 Nxb5 23.Bxb5 cxb5 24.Qd3 Qc7
25.Nc3 Ra8 26.Nxb5 Qb8 27.Nc3 Rc8 28.Na4 Bd8 29.Rab1 Ke7 30.Nb6 Bxb6 31.Rxb6 Kf8
32.Rcb1 Qa7 33.Rxb7 Qa4 34.R7b4 Qe8 35.Qb5 Qxb5 36.Rxb5 Ra4 37.R5b4 Rca8
38.Kf1 Rxb4 39.Rxb4 Ra2 40.Rb8+ Kg7 41.Rb3 Rc2 42.Rd3 Kh6 43.Ke1 Kh5 44.Rd2 Rc1+
45.Rd1 Rc4 46.Ke2 Ne7 47.Rb1 Nc6 48.Rb7 g5 49.Rxf7 Rc2+  1/2-1/2

[Event "3rd Chennai Open"]
[Site "Chennai IND"]
[Date "2011.01.24"]
[Round "9"]
[White "Praveen Kumar,C1"]
[Black "Vinoth Kumar,M"]
[Result "1-0"]
[WhiteElo "2362"]
[BlackElo "2231"]

1.d4 g6 2.e4 Bg7 3.Nc3 c6 4.Be3 d5 5.e5 Nh6 6.Qd2 Nf5 7.Bf4 h5 8.Nf3 Be6
9.O-O-O Nd7 10.Bd3 b5 11.h3 Qa5 12.g4 Nh6 13.gxh5 b4 14.Nb1 c5 15.dxc5 Nxc5
16.Nd4 Rc8 17.hxg6 Nf5 18.Bxf5 Bxf5 19.Nxf5 Qxa2 20.gxf7+ Kf8 21.Nd4 Rh4
22.Rhg1 Rxh3 23.Rg3 Rxg3 24.fxg3 a5 25.Qe3 a4 26.Bh6 a3 27.Bxg7+ Kxf7 28.e6+ Kg8
29.Qf3 Qxb2+ 30.Kd2 Ne4+ 31.Ke1 Kxg7 32.Nf5+ Kf6 33.Nd6+ Kxe6 34.Qf5+ Kxd6
35.Rxd5+  1-0

[Event "33rd Bulgarian Open"]
[Site "Plovdiv BUL"]
[Date "2011.02.01"]
[Round "3.16"]
[White "Skoko,Mil"]
[Black "Smith,Bry"]
[Result "0-1"]
[WhiteElo "2231"]
[BlackElo "2458"]

1.e4 g6 2.d4 Bg7 3.Nc3 c6 4.Nf3 d6 5.h3 Nf6 6.Bd3 O-O 7.O-O Nbd7 8.Ne2 e5
9.c3 d5 10.Ng3 exd4 11.cxd4 dxe4 12.Nxe4 Nxe4 13.Bxe4 Nf6 14.Bc2 Be6 15.Bb3 Bd5
16.Be3 Qb6 17.Bxd5 Nxd5 18.Qd2 Qb4 19.Rad1 Rad8 20.Qc1 Rfe8 21.Bh6 Re2 22.Bd2 Qa4
23.b3 Qa6 24.a4 Rde8 25.Rfe1 Qd3 26.Rxe2 Rxe2 27.Re1 a6 28.Rxe2 Qxe2 29.Qf1 Qe4
30.Qc4 h6 31.Qc1 g5 32.Be3 f5 33.Bxg5 hxg5 34.Qxg5 Nf6 35.Nh4 Nh7 36.Qd8+ Nf8
37.Nf3 Qb1+ 38.Kh2 Qxb3 39.Qc8 Qf7 40.Nh4 Qd7 41.Qxd7 Nxd7 42.Nxf5 Bf8 43.Ne3 b5
44.d5 c5 45.axb5 axb5 46.f4 Nb6 47.Kg3 b4 48.Kf3 b3 49.Nd1 c4 50.Ke4 Bg7
51.d6 c3 52.Nxc3 Bxc3 53.Kd3 b2 54.Kc2 Kf7 55.f5 Nc4  0-1

[Event "75th ch-BUL Semi-Final"]
[Site "Plovdiv BUL"]
[Date "2011.02.08"]
[Round "2"]
[White "Panajotov,J"]
[Black "Popchev,M"]
[Result "1/2-1/2"]
[WhiteElo "2243"]
[BlackElo "2480"]

1.e4 g6 2.d4 Bg7 3.Nc3 c6 4.Nf3 b5 5.Bd3 d6 6.h3 Nd7 7.Bg5 Qc7 8.Ne2 Ngf6
9.c3 a6 10.O-O e5 11.Qd2 O-O 12.Ng3 Re8 13.Rfe1 Nf8 14.Rad1 c5 15.d5 c4 16.Bc2 N6d7
17.h4 h5 18.Nh2 Nh7 19.Ngf1 Nxg5 20.hxg5 Nc5 21.g3 f6 22.gxf6 Bxf6 23.b4 cxb3
24.axb3 Rf8 25.Rc1 Bg7 26.b4 Nd7 27.Bd3 Nb6 28.Qa2 Bh6 29.Rc2 Bd7 30.Ne3 Qa7
31.Nhf1 a5 32.Ra1 Na4 33.Qb3 Rfc8 34.Be2 axb4 35.cxb4 Rxc2 36.Nxc2 Rc8 37.Nce3 Qd4
38.Re1 Nc3 39.Bf3 Kh7 40.Nd1 Qd3 41.Kg2 Qd4 42.Qb2 Qd3 43.Nxc3 Rxc3 44.Ne3 Qd4
45.Rd1 Rd3 46.Qc2 Rxd1 47.Nxd1 Qb6 48.Be2 Bg5 49.Qd3 h4 50.Qf3 Kg7 51.gxh4 Bxh4
52.Qe3 Qxe3 53.Nxe3 Bg5 54.Kf3 Bf4 55.Bd3 Kf6 56.Ke2 Ke7 57.Nd1 Bc1 58.Nc3 Ba3
59.Bxb5 Bxb4 60.Bxd7 Kxd7 61.Nd1 Ke7 62.Ne3 Bc5 63.Ng4 Kf7 64.Kf3 g5 65.Nh6+ Kg6
66.Nf5 Kh5 67.Kg3 Bb4 68.Ng7+ Kg6 69.Ne8 Kh5 70.Ng7+ Kg6 71.Nf5 Kh5 72.f3 Bc5
73.Ng7+ Kg6 74.Ne6 Be3 75.Kg4 Bc1 76.Nd8 Ba3 77.Nc6 Bc5 78.Nd8 Ba3 79.Ne6 Bc1
80.Nf8+ Kf7 81.Nd7 Kg6  1/2-1/2

[Event "Frauenbundesliga 1st Div 2010-11"]
[Site "Germany GER"]
[Date "2011.02.20"]
[Round "9.6"]
[White "Krasnopeyeva,J"]
[Black "Tammert,I"]
[Result "0-1"]
[WhiteElo "1948"]
[BlackElo "2272"]

1.e4 g6 2.d4 Bg7 3.Nc3 c6 4.Be3 d6 5.Qd2 Nf6 6.f3 b5 7.g4 a6 8.g5 Nh5 9.Nce2 e5
10.dxe5 dxe5 11.Qxd8+ Kxd8 12.Rd1+ Kc7 13.Nh3 Bxh3 14.Bxh3 h6 15.Bg4 hxg5
16.Bxg5 Bf6 17.Be3 Bh4+ 18.Kd2 Nf6 19.Kc1 Nbd7 20.Rhg1 Nxg4 21.Rxg4 Be7 22.Rg2 Rh3
23.Ng3 Rah8 24.Rgd2 Nb8 25.f4 Rxh2 26.fxe5 Rxd2 27.Bxd2 Nd7 28.Bf4 Kc8 29.Rh1 Rxh1+
30.Nxh1 Nc5 31.Nf2 Bh4 32.Nd3 Nxe4 33.Kd1 Nf2+ 34.Ke2 Nxd3 35.cxd3 Kd7 36.Kf3 Ke6
37.Ke4 f5+ 38.exf6 Bxf6 39.b3 g5 40.Be3 Be7 41.Bf2 Bd6 42.Be3 Kf6 43.Bd4+ Kg6
44.Be3 a5 45.a4 bxa4 46.bxa4 Bc7 47.Bd4 g4 48.Be3 g3 49.Kf3 Kf5 50.Bd2 Ke6
51.Be3 Kd5 52.Bg1 c5 53.Be3 Be5 54.Bd2 Kd4 55.Be3+ Kxd3 56.Bxc5 Kc4 57.Bb6 Kb4
58.Ke4 Bb8 59.Kd5 Kxa4 60.Kc4 Bf4 61.Bd4 Bd2 62.Kd3 Be1 63.Ke2 Bf2 64.Bc3 Kb5
65.Be5 Kc4  0-1

[Event "e2e4.org.uk Brighton Masters A"]
[Site "Brighton ENG"]
[Date "2011.02.23"]
[Round "1"]
[White "Zhou,Y"]
[Black "Hulshof,P"]
[Result "1-0"]
[WhiteElo "2325"]
[BlackElo "2191"]

1.e4 c6 2.d4 g6 3.Nc3 Bg7 4.h3 d5 5.Nf3 Nf6 6.e5 Ne4 7.Nxe4 dxe4 8.Ng5 c5
9.e6 Bxe6 10.Nxe6 fxe6 11.dxc5 Qxd1+ 12.Kxd1 O-O 13.Bc4 Na6 14.Be3 Bxb2 15.Rb1 Rad8+
16.Ke2 Bd4 17.c6 Nc5 18.cxb7 Bxe3 19.Kxe3 Kf7 20.Rb5 Na4 21.Rhb1 Rb8 22.R1b4 Nb6
23.Rxb6 axb6 24.Rxb6 Ke8 25.Bxe6 Rf6 26.Rc6 Rxe6 27.Rc8+ Kd7 28.Rxb8 Kc7
29.Rh8 Kxb7 30.Rxh7 Kc6 31.Kd4 Kd7 32.Rh6 Rf6 33.Ke3 Rc6 34.h4 Ke8 35.h5 Rxc2
36.hxg6 Kf8 37.Rh4 Rc3+ 38.Kd4 Rc2 39.Rh7 Rxa2 40.Rf7+ Ke8 41.Rf4 e5+ 42.Kxe5 e3
43.g7 Ra5+ 44.Kf6 Ra6+ 45.Kg5 Ra5+ 46.Kg4  1-0

[Event "31st TCh-IND 2011"]
[Site "Kochi IND"]
[Date "2011.02.23"]
[Round "3"]
[White "Sharma,Di"]
[Black "Anilkumar,O"]
[Result "0-1"]
[WhiteElo "2365"]
[BlackElo "2245"]

1.e4 g6 2.d4 Bg7 3.Nc3 c6 4.Bc4 b5 5.Bb3 b4 6.Nce2 d5 7.exd5 cxd5 8.Nf3 Nf6
9.O-O O-O 10.Ne5 a5 11.a3 bxa3 12.Rxa3 Qb6 13.Re1 Nc6 14.Nxc6 Qxc6 15.Ba4 Qb6
16.Nf4 e6 17.c3 Bd7 18.Nd3 Bxa4 19.Qxa4 Ne4 20.Bf4 Rfc8 21.f3 Nd6 22.Rb3 Qd8
23.Bxd6 Qxd6 24.Ra1 Rc4 25.Qb5 Qd8 26.Rba3 Qg5 27.Nf2 Qe3 28.Kf1 a4 29.Re1 Qf4
30.h3 Rb8 31.Qd7 h5 32.Raa1 Bf6 33.Re2 Bh4 34.Kg1 a3 35.Rxa3 Rd8 36.Qb7 Qc1+
37.Kh2 Qf1 38.Ra7 Rf8 39.Rxe6 Bxf2 40.Rxg6+ Kh7 41.Qxd5 Qg1+  0-1

[Event "e2e4.org.uk Brighton Masters A"]
[Site "Brighton ENG"]
[Date "2011.02.26"]
[Round "6"]
[White "Suarez Roa,J"]
[Black "Hulshof,P"]
[Result "0-1"]
[WhiteElo "2207"]
[BlackElo "2191"]

1.e4 c6 2.d4 g6 3.Nc3 Bg7 4.Be3 d5 5.Qd2 Nf6 6.e5 Ng4 7.Bf4 f6 8.exf6 Nxf6
9.O-O-O O-O 10.Bh6 Bxh6 11.Qxh6 Ng4 12.Qh4 Nxf2 13.Re1 e5 14.Qh6 Qf6 15.dxe5 Qg7
16.Qh4 Nxh1 17.Nf3 Nd7 18.Bd3 Nf2 19.Qxf2 Nxe5 20.Qh4 Nxf3 21.gxf3 Qf6 22.Qf2 Bf5
23.Bf1 Rae8 24.Rd1 Bg4 25.Be2 Bxf3  0-1

[Event "Bunratty Masters"]
[Site "Bunratty IRL"]
[Date "2011.02.27"]
[Round "5"]
[White "Wynarczyk,R"]
[Black "Freeman,G"]
[Result "0-1"]
[WhiteElo "1963"]
[BlackElo "2132"]

1.e4 g6 2.d4 Bg7 3.Nc3 c6 4.f4 d5 5.e5 h5 6.h4 Bg4 7.Nf3 Nh6 8.Bd3 e6 9.Be3 Nd7
10.Qd2 Bxf3 11.gxf3 Qe7 12.Na4 O-O-O 13.Qa5 Kb8 14.Bd2 b6 15.Qb4 Qxb4 16.Bxb4 Bf8
17.a3 c5 18.dxc5 Nxc5 19.Nxc5 Bxc5 20.O-O-O Be3+ 21.Bd2 Bxd2+ 22.Rxd2 Rc8
23.Kb1 Kb7 24.Rhd1 Rc5 25.b4 Rc3 26.Kb2 Rhc8 27.Rg1 R8c7 28.Rf2 Kc8 29.Rgg2 Kd7
30.Rg1 Ke7 31.Rd1 Nf5 32.Bxf5 gxf5 33.Rg1 Re3 34.Rg5 Rc4 35.Rxh5 Rxf4 36.Rh8 Rxe5
37.Rh2 Rxf3 38.Ra8 Ree3 39.Rxa7+ Kf6 40.a4 Rh3 41.Rxh3 Rxh3 42.a5 Rxh4 43.Kb3 bxa5
44.Rxa5 f4 45.b5 Rh1 46.c4 f3 47.Ra2 Rb1+ 48.Kc3 Rc1+  0-1

[Event "Lviv Talents FIDE open"]
[Site "Lviv UKR"]
[Date "2011.03.02"]
[Round "9.1"]
[White "Terletsky,O"]
[Black "Davymuka,Roman"]
[Result "1/2-1/2"]
[WhiteElo "2150"]
[BlackElo "2138"]

1.e4 g6 2.d4 Bg7 3.Nc3 c6 4.Bc4 d6 5.Nf3 Nf6 6.Bg5 O-O 7.O-O b5 8.Bd3 Qc7
9.h3 e5 10.Qd2 Nbd7 11.a3 a6 12.Bh6 Bb7 13.Rfe1 Rfe8 14.Rad1 Rad8 15.Bf1 Nf8
16.Bxg7 Kxg7 17.Re3 Ne6 18.dxe5 dxe5 19.Rd3 Rxd3 20.Qxd3 Rd8 21.Qe3 Rxd1
22.Nxd1 c5 23.Nd2 Qc6 24.f3 Qd6 25.c3 c4 26.a4 Nc5 27.axb5 axb5 28.Nf2 h5
29.h4 Nfd7 30.g3 Ne6 31.b3 cxb3 32.Nxb3 b4 33.cxb4 Qxb4 34.Qd3 Ndc5 35.Nxc5 Qxc5
36.Qb5 Qxb5 37.Bxb5 Nd4 38.Bd3 Nxf3+ 39.Kf1 Nd4 40.Ke1 f5 41.exf5 gxf5 42.Nd1 Kf6
43.Kf2 f4 44.gxf4 exf4 45.Nc3 Nf5 46.Be2 Ng3 47.Bd3 Ke5 48.Bg6 Nh1+ 49.Kg1 Ng3
50.Kf2 Bc6 51.Ne2 Nh1+ 52.Kg1 f3 53.Bxh5 f2+ 54.Kf1 Ke4 55.Nc3+ Kf4 56.Nd1 Bb5+
57.Be2 Ng3+ 58.Kxf2 Bxe2  1/2-1/2